UM Logo

A living constitution: (Record no. 4064)

MARC details
000 -LEADER
fixed length control field 00589nam a22001697a 4500
008 - FIXED-LENGTH DATA ELEMENTS--GENERAL INFORMATION
fixed length control field 160823b xxu||||| |||| 00| 0 eng d
020 ## - INTERNATIONAL STANDARD BOOK NUMBER
International Standard Book Number 9715504337
082 ## - DEWEY DECIMAL CLASSIFICATION NUMBER
Edition number 2003
Classification number DFil 959.9059
Item number B45
100 ## - MAIN ENTRY--PERSONAL NAME
9 (RLIN) 13534
Personal name Bernas, Joaquin G.
245 ## - TITLE STATEMENT
Title A living constitution:
Remainder of title the abbreviated Estrada presidency/
Statement of responsibility, etc. Joaquin G. Bernas
260 ## - PUBLICATION, DISTRIBUTION, ETC. (IMPRINT)
Place of publication, distribution, etc. Quezon City:
Name of publisher, distributor, etc. ADMU Press,
Date of publication, distribution, etc. c2003.
300 ## - PHYSICAL DESCRIPTION
Extent 309 pages:
Dimensions 23 cm.
650 #0 - SUBJECT ADDED ENTRY--TOPICAL TERM
9 (RLIN) 13536
Topical term or geographic name as entry element Philippines, President (1998-2001: Estrada)
650 #0 - SUBJECT ADDED ENTRY--TOPICAL TERM
9 (RLIN) 13539
Topical term or geographic name as entry element Politics and government
Chronological subdivision 1998-2001
Geographic subdivision Philippines
365 ## - TRADE PRICE
Price amount 385.00
Currency code Php.
942 ## - ADDED ENTRY ELEMENTS (KOHA)
Source of classification or shelving scheme Dewey Decimal Classification
Koha item type Filipiniana
Holdings
Withdrawn status Lost status Source of classification or shelving scheme Damaged status Not for loan Collection code Home library Current library Date acquired Source of acquisition Total Checkouts Full call number Barcode Date last seen Cost, replacement price Price effective from Koha item type
    Dewey Decimal Classification     Filipiniana UM Digos College - LIC UM Digos College - LIC 10/28/2003 Purchased   DFil 959.9059 B45 2003 16264 05/15/2025 385.00 08/23/2016 Filipiniana